Les Etats insulaires - Statistiques

Statistiques générales
  • Ce quiz a été pris 2 192 fois
  • Le résultat moyen est 35 sur 48
Statistiques - réponses
Hint Réponse % Correct
Australie
94%
Nouvelle Zélande
91%
Indonésie
90%
Cuba
88%
Madagascar
87%
Malte
87%
Chypre
86%
Japon
86%
Islande
84%
Cap Vert
83%
Haïti
83%
Irlande
83%
Royaume-Uni
83%
Seychelles
81%
Jamaïque
80%
Sri Lanka
78%
Fidji
77%
République Dominicaine
77%
Bahamas
76%
Comores
76%
Maldives
76%
Sainte Lucie
74%
Barbade
73%
Dominique
73%
Micronésie
73%
Taïwan
73%
Tonga
73%
Maurice
72%
Philippines
72%
Samoa
72%
Vanuatu
71%
Tuvalu
70%
Antigua
69%
Saint Vincent
69%
Kiribati
65%
Nauru
65%
Saint Christophe
65%
Salomon
63%
Grenade
61%
Marshall
61%
Papouasie Nouvelle Guinée
60%
Palaos
56%
Sao Tomé et Principe
54%
Trinité et Tobago
52%
Singapour
49%
Bruneï
48%
Timor oriental
45%
Bahreïn
37%
Aucun quiz correspondant
Distribution des résultats
% des personnes avec chaque résultat
Percentile par nombre de réponses
Votre historique - résultats
Vous n’avez pas pris ce quiz